Sports Quiz

Random Sports or Basketball Quiz

NBA Playoffs Single Season Top 10s Quiz Stats

 Plays Quiz Updated Jun 13, 2017

Support Sporcle.
Go Orange.
Score 0/90 Timer 10:00
7 Plays Today
Hint Answer % Correct
Points Per GameMichael Jordan
99.5%
Points Per GameMichael Jordan
99.5%
Player Efficiency RatingMichael Jordan
99.5%
Player Efficiency RatingMichael Jordan
99.5%
Points Per GameMichael Jordan
98.5%
Steals Per GameEddie Jordan
98.4%
Assists Per GameMagic Johnson
96.5%
Assists Per GameMagic Johnson
96.5%
Assists Per GameMagic Johnson
96.5%
Rebounds Per GameWilt Chamberlain
95%
Rebounds Per GameWilt Chamberlain
95%
Rebounds Per GameWilt Chamberlain
95%
Rebounds Per GameWilt Chamberlain
95%
Rebounds Per GameWilt Chamberlain
95%
Player Efficiency RatingWilt Chamberlain
95%
Points Per GameWilt Chamberlain
95%
Assists Per GameJohn Stockton
94.5%
Assists Per GameJohn Stockton
94.5%
Assists Per GameJohn Stockton
94.5%
Assists Per GameJohn Stockton
94.5%
Assists Per GameJohn Stockton
94.5%
Steals Per GameJohn Stockton
94.5%
Points Per GameRussell Westbrook
93%
Points Per GameJerry West
92.4%
Blocks Per GameHakeem Olajuwon
92.1%
Blocks Per GameHakeem Olajuwon
92.1%
Blocks Per GameHakeem Olajuwon
92.1%
Player Efficiency RatingHakeem Olajuwon
92.1%
Points Per GameHakeem Olajuwon
92.1%
Player Efficiency RatingLeBron James
92%
Hint Answer % Correct
Player Efficiency RatingLeBron James
92%
Steals Per GameEddie Johnson
91.9%
Assists Per GameSteve Nash
90.9%
Rebounds Per GameBill Russell
90.5%
Rebounds Per GameBill Russell
90.5%
Rebounds Per GameBill Russell
90.5%
Rebounds Per GameBill Russell
90.5%
Rebounds Per GameBill Russell
90.5%
Field Goal % (Min. 200 FGA)Shaquille O'Neal
90.2%
Field Goal % (Min. 200 FGA)Shaquille O'Neal
90.2%
Field Goal % (Min. 200 FGA)Shaquille O'Neal
90.2%
Field Goal % (Min. 200 FGA)Shaquille O'Neal
90.2%
Blocks Per GameTim Duncan
89.8%
Player Efficiency RatingTim Duncan
89.8%
Blocks Per GameKareem Abdul-Jabbar
88.9%
Field Goal % (Min. 200 FGA)Kareem Abdul-Jabbar
88.9%
Player Efficiency RatingKareem Abdul-Jabbar
88.9%
Free Throw % (Min. 50 FTA)Ray Allen
86.2%
3-Point % (Min. 50 3PA)Ray Allen
86.2%
Free Throw % (Min. 50 FTA)Dirk Nowitzki
78.6%
Free Throw % (Min. 50 FTA)Reggie Miller
78.6%
Free Throw % (Min. 50 FTA)Reggie Miller
78.6%
Field Goal % (Min. 200 FGA)Dwight Howard
77.2%
Player Efficiency RatingKawhi Leonard
74.3%
Points Per GameElgin Baylor
72.1%
Points Per GameElgin Baylor
72.1%
Field Goal % (Min. 200 FGA)James Worthy
69.6%
Field Goal % (Min. 200 FGA)James Worthy
69.6%
Field Goal % (Min. 200 FGA)James Worthy
69.6%
Field Goal % (Min. 200 FGA)Kevin McHale
66.5%
Hint Answer % Correct
3-Point % (Min. 50 3PA)J.R. Smith
64.1%
Free Throw % (Min. 50 FTA)Gary Payton
62.2%
Blocks Per GameDikembe Mutombo
61.4%
Steals Per GameJason Kidd
59.4%
Free Throw % (Min. 50 FTA)Peja Stojakovic
54.8%
3-Point % (Min. 50 3PA)Peja Stojakovic
54.8%
Blocks Per GameMark Eaton
52.8%
Blocks Per GameMark Eaton
52.8%
Blocks Per GameMark Eaton
52.8%
Player Efficiency RatingGeorge Mikan
52.6%
3-Point % (Min. 50 3PA)Steve Smith
50.7%
Points Per GameBob McAdoo
48.3%
3-Point % (Min. 50 3PA)Deron Williams
47.6%
3-Point % (Min. 50 3PA)Derek Fisher
46.1%
3-Point % (Min. 50 3PA)Jeff Hornacek
44.2%
Blocks Per GameManute Bol
44.1%
Steals Per GameAlvin Robertson
41.1%
Steals Per GameWalt Frazier
40.2%
Steals Per GameMaurice Cheeks
39.3%
3-Point % (Min. 50 3PA)Allan Houston
32.4%
3-Point % (Min. 50 3PA)Al Horford
25.4%
Steals Per GameCalvin Murphy
25.4%
3-Point % (Min. 50 3PA)Jim Jackson
22%
Free Throw % (Min. 50 FTA)Calvin Murphy
21.9%
Free Throw % (Min. 50 FTA)Bill Sharman
16.8%
Free Throw % (Min. 50 FTA)Bill Sharman
16.8%
Free Throw % (Min. 50 FTA)Hersey Hawkins
10.5%
Assists Per GameJohnny Moore
6.3%
Steals Per GameMookie Blaylock
4.6%
Steals Per GameSteve Mix
1.9%

You're not logged in!

Compare scores with friends on all Sporcle quizzes.
OR
Log In
Forgot?

From the Vault

10 Most Visited Countries of Europe

by Cutthroat

Well, here are your new travel plans!
Remove Ads.
Support Sporcle.
Get the best of Sporcle when you Go Orange. This ad-free experience offers more features, more stats, and more fun while also helping to support Sporcle. Thank you for becoming a member.

Show Comments

Extras

Top Quizzes Today


Score Distribution

Your Account Isn't Verified!

In order to create a playlist on Sporcle, you need to verify the email address you used during registration. Go to your Sporcle Settings to finish the process.

Report this User

Report this user for behavior that violates our Community Guidelines.

Details: